000 00885nam a22002057a 4500
999 _c2460
_d2460
003 AR-CdUCM
008 190304b ||||| |||| 00| 0 spa d
040 _aMUNICIPALIDAD PROVINCIAL DEL CUSCO
_cBIBLIOTECA MUNICIPAL DEL CUSCO
082 _a373.1 /
_bI45
100 _aImperatore, Amanda
_98800
245 _aLecciones de didáctica :
_bDidáctica general -Guía para observación, critica y practica /
260 _aBuenos Aires :
_bEstablecimiento Gafico de J.Hector Matera,
_c1962
300 _a232 paginas ;
_c17 cm.
505 _aContenido : Capitulo I :La didáctica.Concepto.Su posición como rama fundamental de la pedagogía --Su función orientadora --Disciplinas y ciencias auxiliares de la didáctica --Partes que comprende la didáctica ...
650 _aPedagogia
_91560
650 _aSistema
_98801
650 _aSociedad
_953
942 _2ddc
_cLIBROS
945 _arjall